| 000 | 01572nam a2200337 c 4500 | ||
|---|---|---|---|
| 003 | BLK | ||
| 005 | 20250617182114.0 | ||
| 008 | 180412b bul|||||r ||||||| ||bul|| | ||
| 010 | _aKNG00012111000 | ||
| 020 |
_a954-527-051-9 _bиздат.: Дамян Яков |
||
| 040 | _aBLK | ||
| 041 |
_aBUL _cBUL |
||
| 080 |
_aАнглийска литература _b821.111 _x-93-31 _z821.111-93-31 |
||
| 100 | 1 |
_aКиплинг, Джоузеф Ръдиард _eпърви автор _9364412 |
|
| 700 | 1 |
_aГогова, Дона _eпрев. от англ. _9255699 |
|
| 700 | 1 |
_aБахчеванов, Светлозар _eпрев. на стиховете _9364413 |
|
| 700 | 1 |
_aЯкобов, Мирчо _eхудож. _9145234 |
|
| 139 |
_aКиплинг, Джоузеф Ръдиард _bК 55 |
||
| 245 | 1 | 0 |
_aВтора книга за джунглата _bРоман за деца _cДжоузеф Ръдиард Киплинг; прев. от англ. Дона Гогова; прев. на стиховете Светлозар Бахчеванов; худож. Мирчо Якобов. |
| 257 | _aGBR | ||
| 260 |
_аСофия _bДамян Яков _c1996 _fВраца : Полипринт |
||
| 300 |
_a200 с. _bс ил. _c22 см |
||
| 380 | _aDX | ||
| 500 | _aДеп. списък: 14. - Ориг. загл. Second Jungle book / Rudyard Kipling. - 4 000 тир. | ||
| 852 | _aЦб 188650 | ||
| 856 | 4 |
_qpdf _u |
|
| 856 | 4 |
_qpdf _u |
|
| 942 |
_cKNG _n0 _03 |
||
| 944 |
_aCR _c15.01.2003 _k30537 _lГрета Цуфелде |
||
| 944 |
_aED _c04.10.2017 _kТеодора_Стоянова |
||
| 999 |
_c10610 _d10610 |
||